<?xml version="1.0" encoding="UTF-8"?>
<record
    xmlns:xsi="http://www.w3.org/2001/XMLSchema-instance"
    xsi:schemaLocation="http://www.loc.gov/MARC21/slim http://www.loc.gov/standards/marcxml/schema/MARC21slim.xsd"
    xmlns="http://www.loc.gov/MARC21/slim">

  <leader>01456nam a22003137a 4500</leader>
  <controlfield tag="001">BRCA_9240</controlfield>
  <controlfield tag="003">FranzMayer</controlfield>
  <controlfield tag="005">20221004172419.0</controlfield>
  <controlfield tag="008">221004b        |||||||| |||| 00| 0 eng d</controlfield>
  <datafield tag="020" ind1=" " ind2=" ">
    <subfield code="a">9780936227320</subfield>
  </datafield>
  <datafield tag="040" ind1=" " ind2=" ">
    <subfield code="b">spa</subfield>
    <subfield code="c">MFM</subfield>
  </datafield>
  <datafield tag="041" ind1=" " ind2=" ">
    <subfield code="a">eng</subfield>
  </datafield>
  <datafield tag="050" ind1="0" ind2="0">
    <subfield code="a">N4543.A5</subfield>
    <subfield code="b">D35 2018</subfield>
  </datafield>
  <datafield tag="110" ind1="2" ind2=" ">
    <subfield code="a">Dallas Museum of Art,</subfield>
    <subfield code="e">autor.</subfield>
    <subfield code="9">2769</subfield>
  </datafield>
  <datafield tag="245" ind1="1" ind2="3">
    <subfield code="a">An enduring legacy :</subfield>
    <subfield code="b">the McDermott collection of impressionist and modern art /</subfield>
  </datafield>
  <datafield tag="260" ind1=" " ind2=" ">
    <subfield code="a">Dallas : </subfield>
    <subfield code="b">Dallas Museum of Art,</subfield>
    <subfield code="c">2018</subfield>
  </datafield>
  <datafield tag="300" ind1=" " ind2=" ">
    <subfield code="a">135 pp :</subfield>
    <subfield code="b">il. fot. ;</subfield>
    <subfield code="c">27.5 x 30 cm.</subfield>
  </datafield>
  <datafield tag="504" ind1=" " ind2=" ">
    <subfield code="a">Incluye referencias bibliogr&#xE1;ficas</subfield>
  </datafield>
  <datafield tag="505" ind1="2" ind2=" ">
    <subfield code="t">A legacy for the ages : Margarete and Eugene McDermott and the Shaping of the Dallas Museum of Art / </subfield>
    <subfield code="r">Natalie H. Lee.</subfield>
  </datafield>
  <datafield tag="520" ind1=" " ind2=" ">
    <subfield code="a">Cat&#xE1;logo de la exposici&#xF3;n "An Enduring Legacy: The Eugene and Margaret McDermott Collection of Impressionist and Modern Art" realizada en Dallas, Texas (14 de junio 2018 - 10 de febrero 2019)</subfield>
  </datafield>
  <datafield tag="600" ind1="1" ind2="0">
    <subfield code="a">McDermott, Eugene,</subfield>
    <subfield code="d">1899-1973</subfield>
    <subfield code="x">Colecciones de arte</subfield>
    <subfield code="v">Exposiciones</subfield>
    <subfield code="9">28586</subfield>
  </datafield>
  <datafield tag="600" ind1="1" ind2="0">
    <subfield code="a">McDermott, Margaret Milam,</subfield>
    <subfield code="d">1912-</subfield>
    <subfield code="x">Colecciones de arte</subfield>
    <subfield code="v">Exposiciones</subfield>
    <subfield code="9">28587</subfield>
  </datafield>
  <datafield tag="610" ind1="2" ind2="0">
    <subfield code="a">Dallas Museum of Art</subfield>
    <subfield code="v">Exposiciones</subfield>
    <subfield code="9">28588</subfield>
  </datafield>
  <datafield tag="650" ind1=" " ind2="0">
    <subfield code="a">Arte moderno</subfield>
    <subfield code="y">Siglo XIX</subfield>
    <subfield code="v">Exposiciones</subfield>
    <subfield code="9">28589</subfield>
  </datafield>
  <datafield tag="650" ind1=" " ind2="0">
    <subfield code="a">Arte moderno</subfield>
    <subfield code="y">Siglo XX</subfield>
    <subfield code="v">Exposiciones</subfield>
    <subfield code="9">28590</subfield>
  </datafield>
  <datafield tag="650" ind1=" " ind2="0">
    <subfield code="a">Arte</subfield>
    <subfield code="x">Colecciones particulares</subfield>
    <subfield code="z">Texas</subfield>
    <subfield code="z">Dallas</subfield>
    <subfield code="v">Exposiciones</subfield>
    <subfield code="9">28591</subfield>
  </datafield>
  <datafield tag="700" ind1="1" ind2=" ">
    <subfield code="a">Myers, Nicole R.,</subfield>
    <subfield code="e">ed.</subfield>
    <subfield code="9">28592</subfield>
  </datafield>
  <datafield tag="942" ind1=" " ind2=" ">
    <subfield code="2">lcc</subfield>
    <subfield code="c">B</subfield>
  </datafield>
  <datafield tag="999" ind1=" " ind2=" ">
    <subfield code="c">10859</subfield>
    <subfield code="d">10859</subfield>
  </datafield>
  <datafield tag="952" ind1=" " ind2=" ">
    <subfield code="0">0</subfield>
    <subfield code="1">0</subfield>
    <subfield code="2">lcc</subfield>
    <subfield code="4">0</subfield>
    <subfield code="7">0</subfield>
    <subfield code="a">BRCA</subfield>
    <subfield code="b">BRCA</subfield>
    <subfield code="d">2022-10-04</subfield>
    <subfield code="o">N4543.A5 D35 2018</subfield>
    <subfield code="p">CONT10033</subfield>
    <subfield code="r">2022-10-04 00:00:00</subfield>
    <subfield code="w">2022-10-04</subfield>
    <subfield code="y">B</subfield>
  </datafield>
</record>
